00285nam a2200109Ia 4500008004100000082001700041100002000058245005000078260002300128300000800151650001600159191201s2005 xx 000 0 und d a005.133bJAJ aJANA, Debashish 0aJAVA and Object Oriented Programming Paradigm aN.DelhibPHIc2005 a636 aB.Tech(CSE)